[Event "6. Copenhagen Open Politiken Cup"]
[Site "Copenhagen"]
[Date "1984.??.??"]
[Round "5"]
[White "Carl, Manfred"]
[Black "Bjarnason, Saevar"]
[Result "0-1"]
[WhiteElo "2230"]
[BlackElo "2375"]
[PlyCount "173"]
[EventDate "1984.??.??"]
[EventType "swiss"]
[EventRounds "10"]
[EventCountry "DEN"]
[SourceDate "2004.01.01"]

1. d4 Nf6 2. Nf3 g6 3. Bf4 Bg7 4. e3 O-O 5. Be2 d6 6. h3 b6 7. O-O Bb7 8. c4 c5
9. Nc3 cxd4 10. exd4 d5 11. Rc1 Nc6 12. Ne5 dxc4 13. Nxc6 Bxc6 14. Bxc4 e6 15.
Be5 Qd7 16. Qe2 Rfd8 17. Rfd1 Qe7 18. Ba6 Bb7 19. Bxb7 Qxb7 20. Nb5 Nd5 21. Nd6
Qe7 22. Ne4 Rd7 23. Rc4 Rad8 24. Rdc1 Bh6 25. Re1 f6 26. Bh2 Kf7 27. Nc3 Re8
28. Qe4 Bd2 29. Qh4 Kg7 30. Nxd5 Rxd5 31. Re2 Bg5 32. Qe4 Rd7 33. g4 Qd8 34.
Rec2 Qa8 35. Rc6 Kf7 36. Bg3 f5 37. Qf3 Rxd4 38. Be5 Rd5 39. Qe2 Qd8 40. f4
Rd1+ 41. Kh2 Bh4 42. Rc7+ Re7 43. gxf5 exf5 44. Qc4+ Qd5 45. Qxd5+ Rxd5 46. Kg2
Rdd7 47. R7c6 Re8 48. Rc7 Rxc7 49. Rxc7+ Re7 50. Rc6 Rd7 51. Kf3 Be7 52. Ke2
Bc5 53. h4 Be7 54. h5 gxh5 55. Rh6 h4 56. Rxh7+ Kg6 57. Rg7+ Kh6 58. a4 a6 59.
Bc3 b5 60. axb5 axb5 61. Be5 b4 62. b3 Ra7 63. Kf3 h3 64. Rg3 h2 65. Rh3+ Kg6
66. Rxh2 Ra3 67. Rb2 Kf7 68. Ke2 Ke6 69. Kd3 Kd5 70. Rb1 Bc5 71. Rb2 Ra1 72.
Rd2 Rh1 73. Re2 Rh3+ 74. Kc2 Be3 75. Re1 Rf3 76. Rd1+ Ke4 77. Bd6 Rf2+ 78. Kb1
Bd2 79. Bc5 Re2 80. Bd6 Bc3 81. Kc1 Ra2 82. Be7 Kxf4 83. Bxb4 Ra1+ 84. Kc2 Rxd1
85. Bxc3 Rd7 86. b4 Ke4 87. Be1 0-1

[Event "6. Copenhagen Open Politiken Cup"]
[Site "Copenhagen"]
[Date "1984.??.??"]
[Round "5"]
[White "Davies, Nigel"]
[Black "Lengyel, Levente"]
[Result "1/2-1/2"]
[WhiteElo "2340"]
[BlackElo "2415"]
[PlyCount "73"]
[EventDate "1984.??.??"]
[EventType "swiss"]
[EventRounds "10"]
[EventCountry "DEN"]
[SourceDate "2004.01.01"]

1. d4 Nf6 2. Nf3 e6 3. c4 d5 4. Nc3 Be7 5. Bg5 h6 6. Bh4 O-O 7. e3 b6 8. Bd3
Bb7 9. O-O Nbd7 10. Rc1 c5 11. Qe2 cxd4 12. exd4 Nh5 13. Bxe7 Qxe7 14. cxd5 Nf4
15. Qe4 Nxd3 16. Qxd3 exd5 17. Rfe1 Qd8 18. Nb5 Nf6 19. Ne5 a6 20. Nc3 b5 21.
Nb1 Rc8 22. Nd2 Rxc1 23. Rxc1 Ne4 24. f3 Nd6 25. Nb3 Nc4 26. Nc5 Qg5 27. Re1
Bc8 28. b3 Nd6 29. Qe3 Qxe3+ 30. Rxe3 Nf5 31. Rd3 Re8 32. Kf2 Nxd4 33. Rxd4
Rxe5 34. Nd3 Rf5 35. Nb4 Bb7 36. g4 Rf6 37. Nxd5 1/2-1/2

[Event "6. Copenhagen Open Politiken Cup"]
[Site "Copenhagen"]
[Date "1984.??.??"]
[Round "5"]
[White "De Boer, Gert Jan"]
[Black "Bilek, Istvan"]
[Result "1/2-1/2"]
[WhiteElo "2340"]
[BlackElo "2395"]
[PlyCount "37"]
[EventDate "1984.??.??"]
[EventType "swiss"]
[EventRounds "10"]
[EventCountry "DEN"]
[SourceDate "2004.01.01"]

1. d4 Nf6 2. Nf3 g6 3. c4 Bg7 4. Nc3 O-O 5. e4 d6 6. Be2 e5 7. Be3 Qe7 8. d5
Ng4 9. Bg5 f6 10. Bh4 Nh6 11. Nd2 Nf7 12. f3 Bh6 13. Bf2 f5 14. O-O a5 15. Qc2
Na6 16. Rfd1 Nc5 17. b3 Bf4 18. Rab1 Ng5 19. Bd3 1/2-1/2

[Event "6. Copenhagen Open Politiken Cup"]
[Site "Copenhagen"]
[Date "1984.??.??"]
[Round "5"]
[White "Fuller, Maxwell"]
[Black "Jacoby, Gisbert"]
[Result "1/2-1/2"]
[WhiteElo "2335"]
[BlackElo "2245"]
[PlyCount "32"]
[EventDate "1984.??.??"]
[EventType "swiss"]
[EventRounds "10"]
[EventCountry "DEN"]
[SourceDate "2004.01.01"]

1. d4 Nf6 2. c4 e6 3. Nf3 c5 4. e3 d5 5. Nc3 cxd4 6. exd4 Bb4 7. Bd3 dxc4 8.
Bxc4 O-O 9. O-O b6 10. Qd3 Bb7 11. Bg5 Nbd7 12. Rfe1 Rc8 13. Re3 Qc7 14. Nd2
Qc6 15. Qf1 Qd6 16. a3 Bxc3 1/2-1/2

[Event "6. Copenhagen Open Politiken Cup"]
[Site "Copenhagen"]
[Date "1984.??.??"]
[Round "5"]
[White "Grooten, Herman"]
[Black "Barczay, Laszlo"]
[Result "1/2-1/2"]
[WhiteElo "2305"]
[BlackElo "2410"]
[PlyCount "40"]
[EventDate "1984.??.??"]
[EventType "swiss"]
[EventRounds "10"]
[EventCountry "DEN"]
[SourceDate "2004.01.01"]

1. d4 d5 2. c4 e6 3. Nf3 c5 4. cxd5 exd5 5. g3 Nc6 6. Bg2 Nf6 7. O-O Be7 8.
dxc5 Bxc5 9. Bg5 O-O 10. Nc3 d4 11. Bxf6 Qxf6 12. Nd5 Qd8 13. Nd2 a6 14. Rc1
Ba7 15. Nf4 Ne5 16. Nc4 Nxc4 17. Rxc4 Rb8 18. Qd3 Bd7 19. Rc2 Bb5 20. Qf5 g6
1/2-1/2

[Event "6. Copenhagen Open Politiken Cup"]
[Site "Copenhagen"]
[Date "1984.??.??"]
[Round "5"]
[White "Hartung Nielsen, Jens"]
[Black "Poulsen, Allan"]
[Result "1-0"]
[WhiteElo "2240"]
[BlackElo "2350"]
[PlyCount "45"]
[EventDate "1984.??.??"]
[EventType "swiss"]
[EventRounds "10"]
[EventCountry "DEN"]
[SourceDate "2004.01.01"]

1. d4 g6 2. Nf3 Bg7 3. Bg5 d6 4. e4 c5 5. c3 cxd4 6. cxd4 Qb6 7. Nc3 Nc6 8. Bb5
Bd7 9. O-O a6 10. Ba4 h6 11. Be3 Qd8 12. h3 Nf6 13. Qd2 b5 14. Bc2 Na5 15. b3
Rc8 16. Rac1 O-O 17. e5 Nh7 18. Ne4 Bf5 19. Bb1 Rxc1 20. Rxc1 dxe5 21. dxe5 h5
22. Qxd8 Rxd8 23. Bb6 1-0

[Event "6. Copenhagen Open Politiken Cup"]
[Site "Copenhagen"]
[Date "1984.??.??"]
[Round "5"]
[White "Heyken, Enno"]
[Black "Fedder, Steen"]
[Result "1/2-1/2"]
[WhiteElo "2300"]
[BlackElo "2420"]
[PlyCount "50"]
[EventDate "1984.??.??"]
[EventType "swiss"]
[EventRounds "10"]
[EventCountry "DEN"]
[SourceDate "2004.01.01"]

1. e4 c5 2. Nf3 d6 3. d4 cxd4 4. Nxd4 Nf6 5. Nc3 a6 6. Be2 e6 7. a4 Nc6 8. Nb3
Be7 9. O-O O-O 10. Be3 Na5 11. Nxa5 Qxa5 12. Qe1 Kh8 13. f4 Bd7 14. Qg3 Bc6 15.
Bd3 Qb4 16. a5 d5 17. e5 Ne4 18. Qh3 Bc5 19. Ne2 Rad8 20. Kh1 Bxe3 21. Qxe3 d4
22. Qh3 g6 23. Qh4 Nc5 24. Ng3 Qd2 25. Rg1 Nxd3 1/2-1/2

[Event "6. Copenhagen Open Politiken Cup"]
[Site "Copenhagen"]
[Date "1984.??.??"]
[Round "5"]
[White "Horvath, Tamas"]
[Black "Pokojowczyk, Jerzy"]
[Result "1-0"]
[WhiteElo "2440"]
[BlackElo "2370"]
[PlyCount "77"]
[EventDate "1984.??.??"]
[EventType "swiss"]
[EventRounds "10"]
[EventCountry "DEN"]
[SourceDate "2004.01.01"]

1. e4 c5 2. Nf3 d6 3. c3 Nf6 4. h3 Nc6 5. Bd3 e5 6. Bc2 Be7 7. O-O O-O 8. Re1
Qc7 9. Na3 a6 10. Nc4 Be6 11. d3 h6 12. Ne3 d5 13. Nh2 Rfd8 14. Qe2 b5 15. Nhg4
d4 16. Nf5 Nxg4 17. Qxg4 Bxf5 18. exf5 Kf8 19. Qe4 Bf6 20. Bd2 Rac8 21. Rad1
Ne7 22. a4 Qd7 23. axb5 axb5 24. g4 Qd5 25. Qxd5 Nxd5 26. c4 Ne7 27. cxb5 Rb8
28. Ba4 Rdc8 29. f4 exf4 30. Bxf4 Rb6 31. Be5 Nd5 32. Bxf6 Rxf6 33. Rd2 Ra8 34.
Bb3 Nc7 35. Rde2 Re8 36. Rxe8+ Nxe8 37. Rc1 Nd6 38. Ba4 Nb7 39. Kf2 {Tid} 1-0

[Event "6. Copenhagen Open Politiken Cup"]
[Site "Copenhagen"]
[Date "1984.??.??"]
[Round "5"]
[White "Hvenekilde, Jorgen"]
[Black "Van Mil, Johan"]
[Result "1/2-1/2"]
[WhiteElo "2290"]
[BlackElo "2370"]
[PlyCount "57"]
[EventDate "1984.??.??"]
[EventType "swiss"]
[EventRounds "10"]
[EventCountry "DEN"]
[SourceDate "2004.01.01"]

1. c4 f5 2. Nc3 Nf6 3. e4 fxe4 4. g4 h6 5. d3 e5 6. g5 hxg5 7. Bxg5 d6 8. Bg2
Be7 9. Nge2 Nc6 10. Bxf6 Bxf6 11. Bxe4 Be6 12. Qa4 Qd7 13. O-O-O Nd4 14. Nxd4
exd4 15. Bxb7 Qxa4 16. Nxa4 Rb8 17. Bc6+ Kf7 18. f4 Rh4 19. Rde1 Rbh8 20. Re2
Rh3 21. Be4 Bh4 22. Rg2 Rh6 23. b3 Re3 24. Rhg1 Bf6 25. Kd2 Bh3 26. Rg3 Be6 27.
R1g2 Rxg3 28. hxg3 Bg4 29. Kc2 1/2-1/2

[Event "6. Copenhagen Open Politiken Cup"]
[Site "Copenhagen"]
[Date "1984.??.??"]
[Round "5"]
[White "Iskov, Gert"]
[Black "Fette, Martin"]
[Result "1/2-1/2"]
[WhiteElo "2370"]
[BlackElo "2270"]
[PlyCount "35"]
[EventDate "1984.??.??"]
[EventType "swiss"]
[EventRounds "10"]
[EventCountry "DEN"]
[SourceDate "2004.01.01"]

1. e4 g6 2. d4 Bg7 3. Nf3 d6 4. Be2 Nf6 5. Nc3 O-O 6. O-O c6 7. Re1 Qc7 8. e5
dxe5 9. Nxe5 Be6 10. Bf4 Qc8 11. Qd2 Nbd7 12. h4 Rd8 13. Qe3 c5 14. Rad1 Nb6
15. Bf3 Nbd5 16. Nxd5 Nxd5 17. Bxd5 Rxd5 18. c4 1/2-1/2

[Event "6. Copenhagen Open Politiken Cup"]
[Site "Copenhagen"]
[Date "1984.??.??"]
[Round "5"]
[White "Jensen, Allan Astrup"]
[Black "Knudsen, Per"]
[Result "1-0"]
[WhiteElo "2240"]
[BlackElo "2295"]
[PlyCount "80"]
[EventDate "1984.??.??"]
[EventType "swiss"]
[EventRounds "10"]
[EventCountry "DEN"]
[SourceDate "2004.01.01"]

1. e4 c5 2. Nc3 Nc6 3. g3 g6 4. Bg2 Bg7 5. d3 Rb8 6. Be3 d6 7. Nge2 b5 8. Qd2
Bd7 9. O-O Qc8 10. d4 b4 11. Nd1 cxd4 12. Nxd4 Ne5 13. c3 Nc4 14. Qc1 bxc3 15.
bxc3 Nxe3 16. Nxe3 Nf6 17. Qa3 Rb6 18. Rab1 Ra6 19. Qb3 O-O 20. f4 Qc5 21. Rfe1
e5 22. fxe5 dxe5 23. Ndc2 Rc8 24. c4 Bh6 25. Kh1 Bxe3 26. Qxe3 Qxc4 27. Bf1
Qxc2 28. Bxa6 Rc6 29. Bb7 Rd6 30. Qb3 Qf2 31. Rf1 Qe2 32. Rbe1 Qh5 33. Bd5 Rb6
34. Qc3 Bh3 35. Qc7 Be6 36. Qd8+ Ne8 37. Qxe8+ Kg7 38. Bxe6 f5 39. h4 Qg4 40.
Qe7+ Kh6 1-0

[Event "6. Copenhagen Open Politiken Cup"]
[Site "Copenhagen"]
[Date "1984.??.??"]
[Round "5"]
[White "Kovacs, Laszlo"]
[Black "Brondum, Eric"]
[Result "1/2-1/2"]
[WhiteElo "2345"]
[BlackElo "2260"]
[PlyCount "44"]
[EventDate "1984.??.??"]
[EventType "swiss"]
[EventRounds "10"]
[EventCountry "DEN"]
[SourceDate "2004.01.01"]

1. e4 c5 2. Nc3 d6 3. Nf3 Nf6 4. d4 cxd4 5. Nxd4 a6 6. a4 g6 7. Be2 Bg7 8. Be3
Nc6 9. O-O O-O 10. h3 Bd7 11. Qd2 Rc8 12. Nxc6 Bxc6 13. f3 Nh5 14. Bd3 e6 15.
a5 d5 16. Bb6 Qd6 17. exd5 exd5 18. Qf2 Rfe8 19. Bd4 Bh6 20. Bc5 Qf6 21. Bd4
Qd6 22. Bc5 Qc7 1/2-1/2

[Event "6. Copenhagen Open Politiken Cup"]
[Site "Copenhagen"]
[Date "1984.??.??"]
[Round "5"]
[White "Matulovic, Milan"]
[Black "Kristiansen, Jens"]
[Result "0-1"]
[WhiteElo "2465"]
[BlackElo "2450"]
[PlyCount "130"]
[EventDate "1984.??.??"]
[EventType "swiss"]
[EventRounds "10"]
[EventCountry "DEN"]
[SourceDate "2004.01.01"]

1. e4 c5 2. Nf3 e6 3. d4 cxd4 4. Nxd4 a6 5. Nc3 Nc6 6. g3 d6 7. Bg2 Bd7 8. O-O
Nf6 9. Re1 Be7 10. Nxc6 Bxc6 11. a4 O-O 12. a5 Ne8 13. Be3 g6 14. Na4 Qc7 15.
Nb6 Rd8 16. Bh6 Ng7 17. Qd4 e5 18. Qd3 Rde8 19. c4 f5 20. b4 Rf7 21. Nd5 Qd7
22. Rab1 Bd8 23. Bd2 Ne6 24. exf5 gxf5 25. b5 e4 26. bxc6 bxc6 27. Qa3 cxd5 28.
cxd5 Nd4 29. Qa2 Bf6 30. Qc4 Nb5 31. Qa4 Qe7 32. Rbc1 Be5 33. Rc6 Qb7 34. Rb1
Rc8 35. Rbc1 Rcf8 36. Bh6 Ra8 37. Be3 Qd7 38. Qc4 Rff8 39. Bh6 Rfb8 40. Be3 Rf8
41. Qb4 Qg7 42. Kh1 Kh8 43. Qd2 Qg4 44. R6c4 Rg8 45. h3 Qg7 46. Rc6 Nd4 47. Rc7
Qf6 48. Rb7 Rac8 49. Rxc8 Rxc8 50. Qd1 Nc2 51. Ba7 e3 52. Rb8 Rxb8 53. Bxb8 Nd4
54. fxe3 Nb5 55. Qc2 Qd8 56. Qxf5 Qxb8 57. Be4 Qg8 58. g4 Nc3 59. Bf3 Nxd5 60.
Qe4 Nf6 61. Qa4 Qg5 62. Qd1 Qxe3 63. Qf1 Ne4 64. Kg2 Qf4 65. Bxe4 Qg3+ 0-1

[Event "6. Copenhagen Open Politiken Cup"]
[Site "Copenhagen"]
[Date "1984.??.??"]
[Round "5"]
[White "Moe, Mogens"]
[Black "Knoppert, Erik G J"]
[Result "0-1"]
[WhiteElo "2350"]
[BlackElo "2245"]
[PlyCount "72"]
[EventDate "1984.??.??"]
[EventType "swiss"]
[EventRounds "10"]
[EventCountry "DEN"]
[SourceDate "2004.01.01"]

1. e4 c5 2. Nf3 Nc6 3. d4 cxd4 4. Nxd4 Nf6 5. Nc3 d6 6. Bc4 e6 7. Be3 Be7 8.
Qe2 Qc7 9. Bb3 a6 10. O-O-O Na5 11. g4 b5 12. g5 Nxb3+ 13. axb3 Nd7 14. f4 b4
15. Nd5 exd5 16. Nf5 Nc5 17. Nxg7+ Kf8 18. f5 Kxg7 19. f6+ Kf8 20. fxe7+ Qxe7
21. Qh5 Nxe4 22. Bd4 Rg8 23. Bf6 Nxf6 24. Qh6+ Ke8 25. gxf6 Rg6 26. Qxh7 Qe3+
27. Kb1 Qh6 28. Rhe1+ Kf8 29. Qxh6+ Rxh6 30. Rxd5 Rxf6 31. h4 Bf5 32. h5 Rc8
33. Re2 Bxc2+ 34. Rxc2 Rf1+ 35. Ka2 Rxc2 36. Rxd6 Rcc1 0-1

[Event "6. Copenhagen Open Politiken Cup"]
[Site "Copenhagen"]
[Date "1984.??.??"]
[Round "5"]
[White "Norgaard, Jesper"]
[Black "Kristensen, Leif Sogaard"]
[Result "1-0"]
[WhiteElo "2315"]
[BlackElo "2220"]
[PlyCount "77"]
[EventDate "1984.??.??"]
[EventType "swiss"]
[EventRounds "10"]
[EventCountry "DEN"]
[SourceDate "2004.01.01"]

1. e4 d5 2. exd5 Qxd5 3. Nc3 Qa5 4. d4 Nf6 5. Nf3 Bf5 6. Ne5 c6 7. Bc4 e6 8. g4
Be4 9. O-O Bd5 10. Bd3 Nbd7 11. f4 Qc7 12. g5 Nxe5 13. fxe5 Nd7 14. Nxd5 cxd5
15. Qf3 Nb8 16. h4 Nc6 17. c3 Rd8 18. Be3 a6 19. Rf2 Rd7 20. Raf1 Re7 21. Qg4
g6 22. h5 Rg8 23. Kh1 Nd8 24. Rh2 Kd7 25. Rc1 Qc6 26. b3 Re8 27. c4 gxh5 28.
Qf3 Ba3 29. Rcc2 Be7 30. Rxh5 dxc4 31. Be4 Qb5 32. bxc4 Qb4 33. Qe2 Qb1+ 34.
Kh2 Rg7 35. d5 Qa1 36. Qf3 Qxe5+ 37. Bf4 Qa1 38. d6 Bf8 39. c5 {Tid} 1-0

[Event "6. Copenhagen Open Politiken Cup"]
[Site "Copenhagen"]
[Date "1984.??.??"]
[Round "5"]
[White "Petersen, Finn"]
[Black "Sorensen, Henrik"]
[Result "1/2-1/2"]
[WhiteElo "2320"]
[BlackElo "2250"]
[PlyCount "27"]
[EventDate "1984.??.??"]
[EventType "swiss"]
[EventRounds "10"]
[EventCountry "DEN"]
[SourceDate "2004.01.01"]

1. e4 c6 2. d4 d5 3. exd5 cxd5 4. Bd3 Nc6 5. c3 g6 6. Bf4 Nh6 7. h4 Bf5 8. h5
Qb6 9. Bxf5 gxf5 10. Qb3 O-O-O 11. Qxb6 axb6 12. Nf3 f6 13. Nh4 e6 14. Nd2
1/2-1/2

[Event "6. Copenhagen Open Politiken Cup"]
[Site "Copenhagen"]
[Date "1984.??.??"]
[Round "5"]
[White "Schandorff, Lars"]
[Black "Portisch, Ferenc"]
[Result "1/2-1/2"]
[WhiteElo "2310"]
[BlackElo "2445"]
[PlyCount "56"]
[EventDate "1984.??.??"]
[EventType "swiss"]
[EventRounds "10"]
[EventCountry "DEN"]
[SourceDate "2004.01.01"]

1. c4 g6 2. Nc3 Bg7 3. g3 e5 4. Bg2 Nc6 5. Rb1 Nf6 6. Nf3 O-O 7. O-O Re8 8. e4
Nd4 9. d3 Nxf3+ 10. Qxf3 c6 11. Qe2 d6 12. f4 exf4 13. Bxf4 d5 14. Bg5 dxe4 15.
dxe4 Be6 16. Kh1 h6 17. Be3 Ng4 18. Bg1 Qe7 19. Na4 Ne5 20. b3 b6 21. h3 Rad8
22. Rbd1 Qb4 23. Qc2 Qe7 24. Nc3 Rxd1 25. Rxd1 Rd8 26. Be3 Rxd1+ 27. Nxd1 Qd7
28. Nf2 h5 1/2-1/2

[Event "6. Copenhagen Open Politiken Cup"]
[Site "Copenhagen"]
[Date "1984.??.??"]
[Round "5"]
[White "Sorensen, Bent"]
[Black "Cramling, Dan"]
[Result "0-1"]
[WhiteElo "2290"]
[BlackElo "2380"]
[PlyCount "188"]
[EventDate "1984.??.??"]
[EventType "swiss"]
[EventRounds "10"]
[EventCountry "DEN"]
[SourceDate "2004.01.01"]

1. Nf3 Nf6 2. g3 d6 3. Bg2 g6 4. O-O Bg7 5. c4 O-O 6. Nc3 e5 7. d3 Nbd7 8. Rb1
a5 9. b3 Re8 10. Bb2 c6 11. e4 Nf8 12. d4 Bg4 13. d5 cxd5 14. cxd5 b5 15. Qd3
b4 16. Na4 Bc8 17. Nd2 Ba6 18. Nc4 N8d7 19. Rfc1 Bh6 20. Rc2 Rc8 21. Bc1 Bxc1
22. Rbxc1 Nc5 23. Nxc5 Rxc5 24. Bh3 Re7 25. Qe3 Rec7 26. Bf1 Nd7 27. Bd3 Bxc4
28. Rxc4 Rxc4 29. Rxc4 Nc5 30. Bf1 Qd7 31. Qg5 Kg7 32. Qh4 h5 33. Bh3 Qe7 34.
Qxe7 Rxe7 35. Kf1 Kh6 36. Ke2 Kg5 37. Bg2 h4 38. Rc1 f5 39. Ke3 hxg3 40. hxg3
f4+ 41. gxf4+ exf4+ 42. Kd4 Kg4 43. f3+ Kg3 44. Bh1 g5 45. Rxc5 dxc5+ 46. Kxc5
g4 47. d6 Rh7 48. e5 Rxh1 49. d7 Rd1 50. e6 gxf3 51. e7 f2 52. d8=Q Rxd8 53.
exd8=Q f1=Q 54. Qg5+ Kf3 55. Kb6 Qf2+ 56. Kxa5 Qd4 57. Ka4 Kf2 58. Qh4+ Ke2 59.
Qg4+ Kd2 60. Qg2+ Ke1 61. Qh1+ Kf2 62. Qh2+ Kf3 63. a3 Qd6 64. Qh1+ Kf2 65.
Qh4+ Ke2 66. Qh2+ Ke3 67. Qg1+ Ke4 68. Qb1+ Ke5 69. Qb2+ Kf5 70. Qc2+ Kf6 71.
Qb2+ Kf7 72. Qe2 bxa3 73. b4 Qc6+ 74. Kxa3 f3 75. Qf2 Qa6+ 76. Kb3 Qe2 77. Qa7+
Kf6 78. Qb6+ Kf5 79. Qc5+ Qe5 80. Qf2 Kg4 81. Ka4 Qg3 82. Qd4+ Kh3 83. Qd7+ Qg4
84. Qd3 Kg2 85. Qd5 Qf4 86. Kb3 Kh2 87. Qh5+ Kg1 88. Qg6+ Kh2 89. Qh5+ Kg3 90.
Qg6+ Qg4 91. Qd6+ Kh3 92. Qd3 Qe6+ 93. Ka4 Qa2+ 94. Kb5 Qe2 0-1

[Event "6. Copenhagen Open Politiken Cup"]
[Site "Copenhagen"]
[Date "1984.??.??"]
[Round "5"]
[White "Tompa, Janos"]
[Black "Wockenfuss, Klaus"]
[Result "1/2-1/2"]
[WhiteElo "2420"]
[BlackElo "2310"]
[PlyCount "48"]
[EventDate "1984.??.??"]
[EventType "swiss"]
[EventRounds "10"]
[EventCountry "DEN"]
[SourceDate "2004.01.01"]

1. e4 e6 2. d3 d5 3. Nd2 Nf6 4. Ngf3 Nc6 5. Be2 Be7 6. c3 a5 7. O-O O-O 8. Qc2
e5 9. b3 b6 10. Re1 Bb7 11. a3 Re8 12. Bb2 Bf8 13. Bf1 dxe4 14. dxe4 Nb8 15. b4
Nbd7 16. Bc4 h6 17. Qb3 Qe7 18. Nh4 Nh7 19. Ndf3 c6 20. Ng6 Qf6 21. Rad1 Bc8
22. Nxf8 Ndxf8 23. Be2 a4 24. Qc2 Ng6 1/2-1/2

[Event "6. Copenhagen Open Politiken Cup"]
[Site "Copenhagen"]
[Date "1984.??.??"]
[Round "5"]
[White "Wedberg, Tom"]
[Black "Van der Sterren, Paul"]
[Result "1/2-1/2"]
[WhiteElo "2495"]
[BlackElo "2475"]
[PlyCount "41"]
[EventDate "1984.??.??"]
[EventType "swiss"]
[EventRounds "10"]
[EventCountry "DEN"]
[SourceDate "2004.01.01"]

1. e4 e5 2. Nf3 Nf6 3. Nxe5 d6 4. Nf3 Nxe4 5. d4 d5 6. Bd3 Be7 7. O-O Nc6 8.
Re1 Bf5 9. c4 Nb4 10. Bf1 O-O 11. a3 Nc6 12. cxd5 Qxd5 13. Nc3 Nxc3 14. bxc3
Bf6 15. Bf4 Qd7 16. Bb5 a6 17. Ne5 Bxe5 18. Bxc6 Qxc6 19. Rxe5 Qd7 20. Qf3 f6
21. Re3 1/2-1/2

[Event "6. Copenhagen Open Politiken Cup"]
[Site "Copenhagen"]
[Date "1984.??.??"]
[Round "5"]
[White "Westerinen, Heikki"]
[Black "Sznapik, Aleksander"]
[Result "1/2-1/2"]
[WhiteElo "2385"]
[BlackElo "2460"]
[PlyCount "28"]
[EventDate "1984.??.??"]
[EventType "swiss"]
[EventRounds "10"]
[EventCountry "DEN"]
[SourceDate "2004.01.01"]

1. e4 c5 2. Nf3 d6 3. Nc3 Nf6 4. e5 dxe5 5. Nxe5 Nbd7 6. d4 e6 7. Be3 cxd4 8.
Bxd4 Be7 9. g3 O-O 10. Bg2 Nxe5 11. Bxe5 Qb6 12. Rb1 Rd8 13. Qe2 Bd7 14. O-O
Bc6 1/2-1/2

[Event "6. Copenhagen Open Politiken Cup"]
[Site "Copenhagen"]
[Date "1984.??.??"]
[Round "6"]
[White "Auchenberg, Per"]
[Black "Petersen, Finn"]
[Result "0-1"]
[WhiteElo "2240"]
[BlackElo "2320"]
[PlyCount "70"]
[EventDate "1984.??.??"]
[EventType "swiss"]
[EventRounds "10"]
[EventCountry "DEN"]
[SourceDate "2004.01.01"]

1. e4 c5 2. Nf3 Nc6 3. d4 cxd4 4. Nxd4 Nf6 5. Nc3 g6 6. Be3 Bg7 7. f3 O-O 8.
Qd2 d5 9. exd5 Nxd5 10. Nxc6 bxc6 11. Bd4 e5 12. Bc5 Re8 13. Ne4 f5 14. Nd6 Bf8
15. Bc4 Be6 16. Bxd5 cxd5 17. Nb7 Qb8 18. Bxf8 Rxf8 19. Nc5 Qxb2 20. Rd1 Bf7
21. Nd3 Qd4 22. c3 Qh4+ 23. g3 Qe7 24. O-O e4 25. Nf4 Rfd8 26. Ne2 Rdc8 27. Nd4
Rc4 28. Rfe1 Rac8 29. Re3 Qc5 30. Ne2 exf3 31. Nd4 Rxc3 32. Rxc3 Qxc3 33. Qxc3
Rxc3 34. Kf2 g5 35. Nxf3 Bh5 {Tid} 0-1

[Event "6. Copenhagen Open Politiken Cup"]
[Site "Copenhagen"]
[Date "1984.??.??"]
[Round "6"]
[White "Berg, Klaus"]
[Black "Hartung Nielsen, Jens"]
[Result "1/2-1/2"]
[WhiteElo "2400"]
[BlackElo "2240"]
[PlyCount "108"]
[EventDate "1984.??.??"]
[EventType "swiss"]
[EventRounds "10"]
[EventCountry "DEN"]
[SourceDate "2004.01.01"]

1. Nf3 d5 2. d4 e6 3. c4 c5 4. cxd5 exd5 5. g3 Nc6 6. Bg2 Nf6 7. O-O Be7 8. Nc3
O-O 9. Bg5 cxd4 10. Nxd4 Re8 11. Rc1 Qb6 12. Be3 Qd8 13. Qa4 Bd7 14. Rfd1 Na5
15. Qc2 Nc4 16. Bg5 Be6 17. e4 Bg4 18. Nde2 Nxe4 19. Bxe7 Nxc3 20. Bxd8 Nxe2+
21. Kf1 Nxc1 22. Rxc1 Raxd8 23. h3 Be2+ 24. Kg1 d4 25. Bf1 d3 26. Qxc4 d2 27.
Bxe2 dxc1=Q+ 28. Qxc1 Rxe2 29. Qc7 Red2 30. Qxb7 h6 31. Qxa7 Rxb2 32. a4 Rbb8
33. Kg2 Ra8 34. Qb6 Rdb8 35. Qd6 Rb7 36. h4 Rba7 37. a5 Rxa5 38. Qd7 h5 39. Qb7
g6 40. Qc6 Ra2 41. Qc4 Rd2 42. g4 Raa2 43. gxh5 Rxf2+ 44. Kg3 Rg2+ 45. Kf3
Raf2+ 46. Ke3 gxh5 47. Qd5 Kg7 48. Qxh5 f5 49. Qd1 Kg6 50. Qd8 Re2+ 51. Kf3
Ref2+ 52. Ke3 Re2+ 53. Kf3 Rgf2+ 54. Kg3 Rg2+ 1/2-1/2

[Event "6. Copenhagen Open Politiken Cup"]
[Site "Copenhagen"]
[Date "1984.??.??"]
[Round "6"]
[White "Bilek, Istvan"]
[Black "Norgaard, Jesper"]
[Result "1/2-1/2"]
[WhiteElo "2395"]
[BlackElo "2315"]
[PlyCount "32"]
[EventDate "1984.??.??"]
[EventType "swiss"]
[EventRounds "10"]
[EventCountry "DEN"]
[SourceDate "2004.01.01"]

1. Nf3 Nf6 2. g3 d5 3. Bg2 c6 4. d3 Bf5 5. Nbd2 h6 6. b3 e6 7. Bb2 Be7 8. e4
Bh7 9. O-O O-O 10. Qe2 a5 11. a3 Na6 12. Ne5 Nc5 13. Kh1 Nfd7 14. Ng4 Nf6 15.
Ne5 Nfd7 16. Ng4 Nf6 1/2-1/2

[Event "6. Copenhagen Open Politiken Cup"]
[Site "Copenhagen"]
[Date "1984.??.??"]
[Round "6"]
[White "Brinck Claussen, Bjorn"]
[Black "Hvenekilde, Jorgen"]
[Result "1/2-1/2"]
[WhiteElo "2370"]
[BlackElo "2290"]
[PlyCount "85"]
[EventDate "1984.??.??"]
[EventType "swiss"]
[EventRounds "10"]
[EventCountry "DEN"]
[SourceDate "2004.01.01"]

1. d4 Nf6 2. c4 g6 3. Nc3 Bg7 4. e4 d6 5. Be2 O-O 6. Nf3 e5 7. O-O Nc6 8. d5
Ne7 9. Ne1 Nd7 10. Be3 f5 11. f3 f4 12. Bf2 g5 13. b4 Nf6 14. c5 Rf7 15. Rc1
Ng6 16. cxd6 cxd6 17. a4 Bf8 18. a5 Bd7 19. Nb5 Bxb5 20. Bxb5 g4 21. fxg4 Nxe4
22. Bd3 Nxf2 23. Rxf2 Rc8 24. Nf3 Rfc7 25. Rfc2 Be7 26. Bf5 Rxc2 27. Rxc2 Rxc2
28. Qxc2 Kg7 29. Nd2 Bh4 30. Ne4 Ne7 31. Be6 h6 32. g3 fxg3 33. hxg3 Bg5 34.
Qf2 Qf8 35. Qxa7 Qf3 36. Nxg5 Qxg3+ 37. Kf1 Qd3+ 38. Kf2 Qd2+ 39. Kg3 hxg5 40.
Qf2 Qc3+ 41. Qf3 Qe1+ 42. Qf2 Qc3+ 43. Qf3 1/2-1/2